[Event "Faxe EMT"]
[Site "Faxe"]
[Date "2008.05.21"]
[Round "7"]
[White "Christoffersen, Per"]
[Black "Wehlast, Svend Erik"]
[Result "0-1"]
[WhiteElo "1518"]
[BlackElo "1427"]
[PlyCount "70"]
[EventDate "2008.03.26"]
[EventType "swiss"]
[EventRounds "7"]
[EventCountry "DEN"]
[SourceTitle "EXT 2023"]
[Source "ChessBase"]
[SourceDate "2022.10.05"]
[SourceVersion "1"]
[SourceVersionDate "2022.10.05"]
[SourceQuality "1"]

1. d4 d5 2. Nf3 h6 3. c4 e6 4. Nc3 Nf6 5. e3 a6 6. c5 b6 7. Qa4+ Bd7 8. Bb5 c6 9. Bd3 bxc5 10. dxc5 Bxc5 11. Bd2 0-0 12. Rc1 Bd6 13. Qh4 Be7 14. Qg3 Bb4 15. e4 Bxc3 16. Bxc3 dxe4 17. Bxe4 Nh5 18. Qe5 Nf6 19. g4 Ne8 20. Qc5 Nf6 21. Bxf6 Qxf6 22. Bh7+ Kxh7 23. Qxf8 Qxf3 24. Rg1 Qe4+ 25. Kd2 Qd5+ 26. Kc3 c5 27. Rcd1 Qe5+ 28. Kc2 Ba4+ 29. b3 Bc6 30. Qxf7 Be4+ 31. Kd2 Nc6 32. f4 Qd4+ 33. Ke2 Qc3 34. Rg3 Nd4+ 35. Kf1 Qc2 0-1

[Event "Faxe EMT"]
[Site "Faxe"]
[Date "2008.04.30"]
[Round "5"]
[White "Wehlast, Svend Erik"]
[Black "Nielsen, Poul Erik2"]
[Result "1-0"]
[WhiteElo "1427"]
[BlackElo "1255"]
[PlyCount "85"]
[EventDate "2008.03.26"]
[EventType "swiss"]
[EventRounds "7"]
[EventCountry "DEN"]
[SourceTitle "EXT 2023"]
[Source "ChessBase"]
[SourceDate "2022.10.05"]
[SourceVersion "1"]
[SourceVersionDate "2022.10.05"]
[SourceQuality "1"]

1. d4 e6 2. c4 c6 3. Nc3 d5 4. c5 Be7 5. Nf3 Nf6 6. Bf4 Nbd7 7. e3 0-0 8. h3 b6 9. b4 bxc5 10. bxc5 Qa5 11. Qd2 Ba6 12. Be2 Bxe2 13. Nxe2 Bd8 14. 0-0 Ne4 15. Qxa5 Bxa5 16. Rab1 Ndf6 17. Rb7 h6 18. Rfb1 g5 19. Bd6 Nxd6 20. cxd6 Ne4 21. Ne5 Nxd6 22. Rd7 Nc8 23. Nxc6 Bb6 24. Nc3 f5 25. a4 Rf7 26. Rxf7 Kxf7 27. a5 Bxa5 28. Nxa5 Nb6 29. Nb5 Kf6 30. Rc1 Rc8 31. Rxc8 Nxc8 32. f4 a6 33. Nc7 Nb6 34. Nxa6 Nc4 35. Nxc4 dxc4 36. g3 Ke7 37. Kf2 Kd6 38. Nb4 gxf4 39. gxf4 Kc7 40. Ke2 Kb6 41. Kd2 Kb5 42. Kc3 h5 43. h4 1-0

[Event "Faxe EMT"]
[Site "Faxe"]
[Date "2008.04.23"]
[Round "4"]
[White "Refsgaard, Kaj"]
[Black "Wehlast, Svend Erik"]
[Result "1-0"]
[WhiteElo "1645"]
[BlackElo "1427"]
[PlyCount "87"]
[EventDate "2008.03.26"]
[EventType "swiss"]
[EventRounds "7"]
[EventCountry "DEN"]
[SourceTitle "EXT 2023"]
[Source "ChessBase"]
[SourceDate "2022.10.05"]
[SourceVersion "1"]
[SourceVersionDate "2022.10.05"]
[SourceQuality "1"]

1. d4 d5 2. c4 Nf6 3. Nf3 e6 4. Bg5 h6 5. Bh4 Be7 6. e3 0-0 7. Nbd2 c6 8. Rc1 Nh7 9. Bg3 f5 10. Bd3 Nd7 11. 0-0 Ng5 12. Qc2 Ne4 13. c5 g5 14. h3 h5 15. Bh2 Kf7 16. Ne5+ Nxe5 17. Bxe5 g4 18. Nxe4 dxe4 19. Be2 Rg8 20. g3 Rg6 21. hxg4 hxg4 22. Kg2 Bf6 23. Bxf6 Qxf6 24. Rh1 Rh6 25. Rxh6 Qxh6 26. Rh1 Qg6 27. Qc3 Qg7 28. Qa5 Ke8 29. Rh4 e5 30. Qc3 exd4 31. Qxd4 Qxd4 32. exd4 a5 33. Bc4 Kd8 34. Rh7 Ra7 35. a4 Bd7 36. Kf1 Kc8 37. Ke2 b5 38. Be6 Rc7 39. Rxd7 Rxd7 40. Bxf5 bxa4 41. Bxg4 Kc7 42. Bxd7 Kxd7 43. Ke3 Ke6 44. Kxe4 1-0

[Event "Faxe EMT"]
[Site "Faxe"]
[Date "2007.05.02"]
[Round "5"]
[White "Wehlast, Svend Erik"]
[Black "Hansen, Arne Mandrup"]
[Result "1-0"]
[WhiteElo "1395"]
[BlackElo "1385"]
[PlyCount "109"]
[EventDate "2007.03.21"]
[EventType "swiss"]
[EventRounds "7"]
[EventCountry "DEN"]
[SourceTitle "EXT 2023"]
[Source "ChessBase"]
[SourceDate "2022.10.05"]
[SourceVersion "1"]
[SourceVersionDate "2022.10.05"]
[SourceQuality "1"]

1. g3 d5 2. Nf3 Bf5 3. Bg2 e6 4. 0-0 Nf6 5. d3 h6 6. Nh4 Bh7 7. f4 Be7 8. Nf3 c5 9. Nbd2 Nc6 10. a3 b5 11. Ne1 Qb6 12. Kh1 Rd8 13. e3 Bf5 14. Bf3 h5 15. Qe2 Bg4 16. Qg2 Bxf3 17. Nexf3 Ng4 18. Qe2 c4 19. d4 Rc8 20. c3 a5 21. h3 Nh6 22. Kg2 Nf5 23. Ne5 Bf6 24. Ndf3 h4 25. gxh4 Bxh4 26. Nxh4 Rxh4 27. Bd2 b4 28. cxb4 axb4 29. Nxc6 Qxc6 30. Bxb4 e5 31. Be1 Qg6+ 32. Kh2 Rh7 33. Rg1 Qe6 34. dxe5 Kd7 35. Qf3 Rch8 36. h4 Nxh4 37. Bxh4 Rxh4+ 38. Kg2 Rg4+ 39. Kf1 Rxg1+ 40. Kxg1 Rh3 41. Qg2 Rxe3 42. Rd1 Rd3 43. Rxd3 cxd3 44. Kf1 g6 45. Qf3 d2 46. Ke2 Qc6 47. Kxd2 Qc4 48. Qh3+ Ke7 49. Qh4+ Ke6 50. Qf6+ Kd7 51. Qxf7+ Kc8 52. Qe6+ Kb7 53. Qd7+ Kb8 54. Qd6+ Kb7 55. Qb4+ 1-0

[Event "Faxe EMT"]
[Site "Faxe"]
[Date "2007.04.18"]
[Round "3"]
[White "Andersen, Hans Poul"]
[Black "Wehlast, Svend Erik"]
[Result "0-1"]
[WhiteElo "1352"]
[BlackElo "1395"]
[PlyCount "118"]
[EventDate "2007.03.21"]
[EventType "swiss"]
[EventRounds "7"]
[EventCountry "DEN"]
[SourceTitle "EXT 2023"]
[Source "ChessBase"]
[SourceDate "2022.10.05"]
[SourceVersion "1"]
[SourceVersionDate "2022.10.05"]
[SourceQuality "1"]

1. e4 e5 2. Nf3 d6 3. h3 c5 4. Bc4 h6 5. d3 Nf6 6. Nc3 a6 7. a3 Nc6 8. 0-0 Be7 9. Nd5 0-0 10. Nxe7+ Qxe7 11. c3 b5 12. Ba2 Bd7 13. b3 a5 14. Bd2 Be6 15. c4 b4 16. Bb1 Qd7 17. Nh2 Nh7 18. Be3 f5 19. f4 fxe4 20. dxe4 exf4 21. Rxf4 Ne5 22. Bc2 Rf7 23. Rxf7 Nxf7 24. Qf3 Ne5 25. Qg3 Nf7 26. a4 Kh8 27. Nf3 Rg8 28. Qg6 Ne5 29. Nxe5 dxe5 30. Rd1 Qc8 31. Qg3 Qc7 32. Rf1 Rf8 33. Rxf8+ Nxf8 34. Qh4 Nh7 35. Qf2 Nf6 36. Bxc5 Bf7 37. Be3 Bg6 38. Qh4 Qc6 39. Bxh6 gxh6 40. Qxh6+ Nh7 41. Qh4 Qf6 42. Qxf6+ Nxf6 43. c5 Ne8 44. Kf2 Nc7 45. g4 Ne6 46. c6 Be8 47. c7 Nxc7 48. Bd3 Ne6 49. Bc4 Ng5 50. h4 Nxe4+ 51. Ke3 Nd6 52. Be6 Kg7 53. h5 Bf7 54. Bxf7 Kxf7 55. g5 Kg7 56. Kf3 Nf5 57. Ke4 Nd4 58. Kxe5 Nxb3 59. h6+ Kg6 0-1